Países que han jugado el Mundial de fútbol 1930-2026 - Estadísticas

Estadísticas generales
  • Esta prueba ha sido intentada 5.075 veces
    303 desde el último reinicio
  • La puntuación promedio es 69 de 83
Estadísticas de respuestas
Participaciones Pais % Correcto
Conmebol Argentina
99%
UEFA España
99%
Conmebol Uruguay
99%
Conmebol Brasil
98%
Conmebol Chile
98%
Conmebol Colombia
98%
UEFA Alemania
97%
Conmebol Ecuador
97%
Conmebol Paraguay
97%
Conmebol Bolivia
96%
Conmebol Perú
96%
UEFA Italia
95%
UEFA Rusia
95%
UEFA Suecia
95%
UEFA Francia
94%
Concacaf México
94%
UEFA Portugal
94%
Concacaf Estados Unidos
93%
UEFA Austria
92%
UEFA Bélgica
92%
Concacaf Canadá
92%
AFC China
92%
AFC Corea del sur
92%
UEFA Croacia
92%
UEFA Inglaterra
92%
AFC Japón
92%
CAF Marruecos
92%
AFC Australia
91%
UEFA Países bajos
91%
UEFA Suiza
91%
UEFA Irlanda
90%
OFC Nueva Zelanda
90%
UEFA Grecia
89%
UEFA Hungría
89%
UEFA Noruega
89%
UEFA Ucrania
89%
AFC Corea del norte
88%
Concacaf Costa rica
88%
UEFA Dinamarca
88%
CAF Sudáfrica
88%
CAF Egipto
87%
UEFA Bosnia y Herzegovina
86%
CAF Senegal
86%
CAF Argelia
85%
UEFA Bulgaria
85%
CAF Camerún
85%
UEFA Eslovaquia
85%
UEFA Eslovenia
85%
UEFA Islandia
85%
UEFA Polonia
85%
UEFA Rumania
85%
AFC Arabia Saudita
84%
UEFA Escocia
84%
Concacaf Honduras
84%
Concacaf Panamá
84%
UEFA Serbia
83%
Concacaf El Salvador
82%
UEFA Turquía
82%
AFC Catar
81%
UEFA Gales
81%
CAF Nigeria
81%
UEFA República checa
81%
AFC Iran
79%
Concacaf Jamaica
79%
Concacaf Haití
77%
CAF Ghana
76%
AFC Irak
75%
Concacaf Cuba
74%
CAF Costa de marfil
73%
UEFA Irlanda del norte
73%
CAF Túnez
73%
CAF República democrática del Congo
71%
UEFA Israel
67%
CAF Angola
64%
AFC Indonesia
62%
Concacaf Trinidad y Tobago
61%
AFC Emiratos árabes unidos
50%
AFC Jordania
48%
CAF Togo
47%
AFC Uzbekistán
43%
CAF Cabo Verde
41%
AFC Kuwait
41%
Concacaf Curazao
36%
No se encontraron pruebas coincidentes
Distribución de puntuación
Porcentaje de gente con cada puntuación
Porcentaje por número respondido
Historial de tus puntuaciones
No has intentado esta prueba desde el último reinicio